Электричество: учебное пособие

Podrobná bibliografie
Hlavní autor: Калашников С. Г. Сергей Григорьевич
Shrnutí:Книга написана на основе курса лекций, читанных автором в течение многих лет на физическом факультете Московского государственного университета. В результате обобщения опытных фактов формулируются в сжатой, но ясной форме основные законы электродинамики и выясняется их физический смысл. Изложение построено на основе СИ.5-е изд. — 1985 г. Для студентов физических и физико-математических факультетов университетов, физико-технических и инженерно-физических институтов, а также для всех вузов, где физика является основной дисциплиной; книга может быть также полезна для преподавателей физики в высшей школе.
Jazyk:ruština
Vydáno: Москва, Физматлит, 2004
Vydání:6-е изд., стер.
Témata:
Médium: MixedMaterials Kniha
KOHA link:https://koha.lib.tpu.ru/cgi-bin/koha/opac-detail.pl?biblionumber=144455

MARC

LEADER 00000nam0a2200000 4500
001 144455
005 20231031143707.0
010 |a 5922103121 
035 |a (RuTPU)RU\TPU\book\156549 
090 |a 144455 
100 |a 20081003d2004 m y0rusy50 ca 
101 0 |a rus 
102 |a RU 
105 |a a j 001zy 
200 1 |a Электричество  |e учебное пособие  |f С. Г. Калашников 
205 |a 6-е изд., стер. 
210 |a Москва  |c Физматлит  |d 2004 
215 |a 624 с.  |c ил. 
320 |a Предм. указ.: с. 621-624. 
330 |a Книга написана на основе курса лекций, читанных автором в течение многих лет на физическом факультете Московского государственного университета. В результате обобщения опытных фактов формулируются в сжатой, но ясной форме основные законы электродинамики и выясняется их физический смысл. Изложение построено на основе СИ.5-е изд. — 1985 г. Для студентов физических и физико-математических факультетов университетов, физико-технических и инженерно-физических институтов, а также для всех вузов, где физика является основной дисциплиной; книга может быть также полезна для преподавателей физики в высшей школе. 
451 1 |0 (RuTPU)RU\TPU\book\157996  |y 978-5-9221-0900-0  |t Электричество  |o учебное пособие  |f С. Г. Калашников  |e 6-е изд., стер.  |c М.  |n Физматлит  |d 2008  |p 624 с.  |a Калашников, Сергей Григорьевич 
451 1 |0 (RuTPU)RU\TPU\book\55963  |y 5-9221-0312-1  |t Электричество  |o учебное пособие  |f С. Г. Калашников  |e 6-е изд., стер.  |c М.  |n Физматлит  |d 2003  |p 624 с.  |a Калашников, Сергей Григорьевич 
610 1 |a физика 
610 1 |a электричество 
610 1 |a электрическое поле 
610 1 |a электрические заряды 
610 1 |a потенциалы 
610 1 |a энергия 
610 1 |a диэлектрики 
610 1 |a постоянный электрический ток 
610 1 |a магнитное поле 
610 1 |a электромагнитная индукция 
610 1 |a магнетики 
610 1 |a генераторы 
610 1 |a двигатели 
610 1 |a теория Максвелла 
610 1 |a металлы 
610 1 |a полупроводники 
610 1 |a вакуум 
610 1 |a ионные явления 
610 1 |a газы 
610 1 |a разряды 
610 1 |a электролиты 
610 1 |a электромагнитные колебания 
610 1 |a учебные пособия 
675 |a 537(075.8)  |v 3 
700 1 |a Калашников  |b С. Г.  |g Сергей Григорьевич 
801 1 |a RU  |b 63413507  |c 20030619  |g PSBO 
801 2 |a RU  |b 63413507  |c 20090331  |g PSBO 
900 |a Физика 
942 |c BK 
952 |a 510400  |b 010400 
959 |a 118/20040908  |d 1  |e 295,57  |f АНЛ:1